00773nam a22002417a 4500008004100000020002200041050002000063100002800083240002700111245004300138250001300181260003100194300001800225337001000243338001400253339001200267490004800279500005100327650002700378942001200405952009700417999001700514120626s2007 sp acop 000 0 spa d a978-968-867-217-404aLB1027 S65 20071 aSOLÉ, Isabel, eautor aEstrategias de lectura aEstrategias de lecturac / Isabel Sole a19a. ed. aMexico b: COLOFONc, 2007 a176 páginas atexto asin medio avolumen aMateriales de inovación educativa: v5, aPlan Flexible Diseño gráfico / (03 007102) aLECTURA xESTRATEGIAS  cLB2lcc 00104070a03b03d2014-09-24l0oLB1027 S65 2007p03 007102r2014-09-24t1w2014-09-24yLB c94217d94217